000 00491pab a2200181 454500
008 180718b2001 xxu||||| |||| 00| 0 eng d
100 _aHasan, Mushirul
245 _aThe storm trookers at Bamiyan: yet the Buddha smiles
260 _c2001
300 _ap.8
362 _a7 Mar
650 _aViolence - Afghanistan
650 _aVandalism - India
650 _aAfghanistan - Politics and government
650 _aPolitics and government
773 _aIndian Express
909 _a48661
999 _c48661
_d48661